| 000 | 00356nam a2200145 i 4500 | ||
|---|---|---|---|
| 001 | 22462 | ||
| 003 | ES-MaACL | ||
| 005 | 20230906152711.0 | ||
| 007 | t| | ||
| 008 | 021203s1942 sp ||||1| spa d | ||
| 245 | 0 | 3 | _aLa alimentación de Europa. |
| 260 |
_aMadrid : _bBlass, _c1942. |
||
| 300 |
_a29 p. ; _c21 cm. |
||
| 852 |
_aES-MaACL _j1832-F-13 _bR.19458 |
||
| 999 |
_c22462 _d22462 |
||